000 01037nam a2200289 a 4500
001 000008723
005 20240412074208.0
008 090918s1984 dr r 000 0 spa d
040 _aDO-SdBNP
_bspa
_cBNPHU
082 _aRD861.008
_bM378m, 1984
245 1 0 _aMartí y Máximo Gómez en la poesía dominicana /
_ccompilador Emilio Rodríguez Demorizi.
250 _a2a ed.
260 _aSanto Domingo :
_bTaller,
_c1984.
300 _a205 p. ;
_c24 cm.
490 1 _aFundación Rodríguez Demorizi
_v22
500 _aIncluye índice de personas y lugares.
590 _aInventariado, 2018/BT
600 1 0 _aGómez, Máximo,
_d1836-1905
_912249
600 1 4 _aMARTÍ, JOSÉ
_d1853-1895
_xPOESÍAS
_923230
650 0 _aPoesía dominicana
_966
650 4 _aPoesía cubana
_95226
650 0 _aLiteratura dominicana.
_967
650 4 _aLiteratura cubana
_91483
700 1 _aRodríguez Demorizi, Emilio,
_d1908-1986
_ecomp.
_91039
830 0 _aFundación Rodríguez Demorizi
_n22
_923231
910 _aValidado. Control de calidad. MMOLINA
999 _c8493
_d8493